| 000 | 00801nam a22002417a 4500 | ||
|---|---|---|---|
| 005 | 20170124105934.0 | ||
| 010 | _aA-381998 | ||
| 020 |
_c00.00 _a812120285 |
||
| 035 | _aA-381998 | ||
| 037 | _bCen Lib/Ret | ||
| 040 |
_aDPL _bEN |
||
| 082 |
_a320.531 _bMIS |
||
| 100 |
_aMishra, Neelam _99277 |
||
| 245 |
_aThe socialist orientation of Jawaharlal Nehru / _cby Neelam Mishra |
||
| 246 | _b | ||
| 260 |
_bGyan Publishing House _c1989 _aNew Delhi |
||
| 270 |
_bNew Delhi _a4-C, Ansari Road, Darya Ganj _e110002 |
||
| 300 |
_axxviii,230p. _c22cm(Hb) |
||
| 500 | _aIncludes bibliographical references and index | ||
| 650 |
_aNehru, Jawaharlal, -- 1889-1964 -- Political and social views _99278 |
||
| 650 |
_aPolitical and social views _97882 |
||
| 942 |
_2ddc _cEN _h320.531 _mMIS |
||
| 999 |
_c124094 _d124094 |
||